[Event "CZE-chT2c 0607"]
[Site "Czech Republic"]
[Date "2007.02.11"]
[Round "7.7"]
[White "Novotny, Josef"]
[Black "Voboril, Pavel"]
[Result "1-0"]
[WhiteElo "2130"]
[BlackElo "2055"]
[PlyCount "44"]
[EventDate "2006.10.15"]
[EventType "team"]
[EventRounds "11"]
[EventCountry "CZE"]
[SourceTitle "EXT 2008"]
[Source "ChessBase"]
[SourceDate "2007.11.25"]
[SourceVersion "1"]
[SourceVersionDate "2007.11.25"]
[SourceQuality "1"]
[WhiteTeam "Rychnov nad Kneznou"]
[BlackTeam "AVE Kontakt"]
[WhiteTeamCountry "CZE"]
[BlackTeamCountry "CZE"]

1. e3 Nf6 2. d3 c5 3. Nf3 Nc6 4. Nc3 d5 5. g3 a6 6. Bg2 b5 7. 0-0 e6 8. e4 d4 9. Ne2 Be7 10. e5 Nd5 11. Nf4 0-0 12. Re1 Nb6 13. h4 Bb7 14. Ng5 h6 15. Be4 Qb8 16. Qh5 Nd8 17. Bxb7 Qxb7 18. Ne4 Nd5 19. Nxd5 exd5 20. Nf6+ gxf6 21. Qg4+ Kh8 22. Bxh6 f5 1-0

[Event "Pardubice op-J"]
[Site "Pardubice"]
[Date "2006.07.17"]
[Round "4"]
[White "Novotny, Josef"]
[Black "Voboril, Pavel"]
[Result "0-1"]
[WhiteElo "2129"]
[BlackElo "2064"]
[PlyCount "70"]
[EventDate "2006.07.14"]
[EventType "swiss"]
[EventRounds "7"]
[EventCountry "CZE"]
[SourceTitle "CBM 113 Extra"]
[Source "ChessBase"]
[SourceDate "2006.09.14"]
[SourceVersion "1"]
[SourceVersionDate "2006.09.14"]
[SourceQuality "1"]

1. e3 g6 2. d3 Bg7 3. Nf3 Nf6 4. g3 b6 5. Bg2 Bb7 6. 0-0 0-0 7. e4 d6 8. c3 c5 9. Nbd2 Qc7 10. Qc2 Nbd7 11. Re1 Rfd8 12. b3 Rac8 13. Bb2 Ne5 14. Nh4 d5 15. f4 Neg4 16. e5 Ne8 17. Bh3 h5 18. Bxg4 hxg4 19. e6 d4 20. exf7+ Kxf7 21. Ne4 Bxe4 22. Rxe4 Nf6 23. Re2 Nd5 24. Rae1 dxc3 25. d4 Bxd4+ 26. Kf1 Rd6 27. Bc1 Rf6 28. f5 Qd7 29. Bf4 Re8 30. fxg6+ Kg7 31. Qe4 e5 32. Kg2 exf4 33. Qxe8 f3+ 34. Kh1 Qxe8 35. Rxe8 f2 0-1

[Event "CZE-chT2c 0506"]
[Site "Czech Republic"]
[Date "2005.11.06"]
[Round "2.8"]
[White "Voboril, Pavel"]
[Black "Zahorbensky, Jaroslav"]
[Result "0-1"]
[WhiteElo "2101"]
[BlackElo "2133"]
[PlyCount "156"]
[EventDate "2005.10.16"]
[EventType "team"]
[EventRounds "11"]
[EventCountry "CZE"]
[SourceTitle "EXT 2009"]
[Source "ChessBase"]
[SourceDate "2008.11.26"]
[SourceVersion "1"]
[SourceVersionDate "2008.11.26"]
[SourceQuality "1"]
[WhiteTeam "AVE Kontakt"]
[BlackTeam "Mlada Boleslav"]
[WhiteTeamCountry "CZE"]
[BlackTeamCountry "CZE"]

1. e4 e5 2. Nf3 Nf6 3. d3 Nc6 4. c3 d5 5. Qc2 h6 6. Be2 Bc5 7. b4 Bd6 8. a3 Bg4 9. h3 Bxf3 10. Bxf3 dxe4 11. dxe4 a5 12. b5 Nb8 13. a4 Nbd7 14. 0-0 0-0 15. Rd1 Qe7 16. Nd2 Rfd8 17. Nc4 Bc5 18. Ne3 Bxe3 19. Bxe3 b6 20. Rd2 Nc5 21. Rad1 Rxd2 22. Rxd2 Rd8 23. Rxd8+ Qxd8 24. Bxc5 bxc5 25. Be2 Qd6 26. Bc4 Kf8 27. f3 Nh5 28. Qd3 Qxd3 29. Bxd3 Nf4 30. Bc4 Ke7 31. h4 Ng6 32. g3 Nf8 33. Kf2 Nd7 34. Ke3 Nb6 35. Bb3 g6 36. f4 f6 37. g4 exf4+ 38. Kxf4 g5+ 39. hxg5 hxg5+ 40. Kf5 c4 41. Ba2 Nxa4 42. e5 fxe5 43. Kxe5 Nxc3 44. Bxc4 Nd1 45. Be2 Nf2 46. Kd5 Kd7 47. Kc5 Ne4+ 48. Kd4 Ng3 49. Bd3 Kd6 50. Kc4 Nh1 51. Be4 Nf2 52. Bf3 Nh3 53. Bg2 Nf4 54. Be4 Ne6 55. Bf5 Nc5 56. Bc8 Nd7 57. Kd4 Nb6 58. Bf5 a4 59. Bc2 a3 60. Bb3 Nd7 61. Kc3 Ne5 62. Bd1 Kc5 63. Be2 Nf7 64. Kb3 Nd6 65. Kxa3 Nxb5+ 66. Kb2 Kb4 67. Kc1 Nd4 68. Bd3 Kc3 69. Bg6 Nf3 70. Kd1 Kd4 71. Ke2 Ne5 72. Bf5 c5 73. Kd2 Nc4+ 74. Kc1 Ne3 75. Bd7 Ke5 76. Kd2 Kf4 77. Kc3 Nxg4 78. Bc8 Ne5 0-1

[Event "Liberec op"]
[Site "Liberec"]
[Date "2005.10.27"]
[Round "7"]
[White "Mohyla, Ales"]
[Black "Voboril, Pavel"]
[Result "1-0"]
[WhiteElo "1971"]
[BlackElo "2101"]
[PlyCount "91"]
[EventDate "2005.10.22"]
[EventType "swiss"]
[EventRounds "9"]
[EventCountry "CZE"]
[SourceTitle "EXT 2006"]
[Source "ChessBase"]
[SourceDate "2005.11.24"]
[SourceVersion "1"]
[SourceVersionDate "2005.11.24"]
[SourceQuality "1"]

1. c4 Nf6 2. Nc3 e6 3. e4 c5 4. e5 Ng8 5. Nf3 Nc6 6. a3 Qc7 7. Nb5 Qb8 8. Qe2 a6 9. Nc3 d6 10. exd6 Nf6 11. Nd5 Qxd6 12. Nxf6+ gxf6 13. d3 e5 14. Be3 Bg4 15. h3 Be6 16. Nd2 f5 17. Nb3 b6 18. g4 0-0-0 19. 0-0-0 Rg8 20. gxf5 Bxf5 21. Qf3 Be6 22. Bg2 Kc7 23. a4 f5 24. a5 Qd7 25. axb6+ Kxb6 26. Bd2 Nd4 27. Ba5+ Ka7 28. Nxd4 cxd4 29. Bxd8 Bh6+ 30. Kb1 Rxd8 31. Qc6 Qxc6 32. Bxc6 Kb6 33. Bf3 Kc5 34. b3 a5 35. Kb2 Bg7 36. Ra1 Kb6 37. Ra2 Bf8 38. Rg1 Rd7 39. Rg5 Bh6 40. Rh5 Bd2 41. Bd5 Bxd5 42. cxd5 Rxd5 43. Rxf5 Rc5 44. Ka3 Bc1+ 45. Ka4 Rb5 46. Rf6+ 1-0

[Event "Chrudim op"]
[Site "Chrudim"]
[Date "2004.07.08"]
[Round "3"]
[White "Prymula, Roman"]
[Black "Voboril, Pavel"]
[Result "1-0"]
[WhiteElo "2312"]
[BlackElo "2124"]
[PlyCount "65"]
[EventDate "2004.07.06"]
[EventType "swiss"]
[EventRounds "9"]
[EventCountry "CZE"]
[SourceTitle "EXT 2006"]
[Source "ChessBase"]
[SourceDate "2005.11.24"]
[SourceVersion "1"]
[SourceVersionDate "2005.11.24"]
[SourceQuality "1"]

1. d4 Nf6 2. Nf3 e6 3. Bg5 h6 4. Bh4 Be7 5. Nbd2 d5 6. e3 a6 7. Bd3 c5 8. c3 Nc6 9. Qe2 Qb6 10. Rb1 cxd4 11. exd4 Bd7 12. h3 Rc8 13. Ne5 Nxe5 14. dxe5 Ng8 15. Bg3 Bf8 16. Bf4 Ne7 17. Be3 Qc7 18. f4 Nc6 19. Qf2 Be7 20. 0-0 Na5 21. Rbd1 b5 22. Bb6 Qb7 23. b4 Nc4 24. Bxc4 dxc4 25. Bd4 0-0 26. g4 Bc6 27. f5 Bg5 28. f6 gxf6 29. h4 fxe5 30. hxg5 exd4 31. Qf6 hxg5 32. Qxg5+ Kh7 33. Rf6 1-0

[Event "Chrudim op"]
[Site "Chrudim"]
[Date "2004.07.08"]
[Round "4"]
[White "Voboril, Pavel"]
[Black "Mrkonjic, Nenad"]
[Result "0-1"]
[WhiteElo "2124"]
[BlackElo "2344"]
[PlyCount "70"]
[EventDate "2004.07.06"]
[EventType "swiss"]
[EventRounds "9"]
[EventCountry "CZE"]
[SourceTitle "EXT 2006"]
[Source "ChessBase"]
[SourceDate "2005.11.24"]
[SourceVersion "1"]
[SourceVersionDate "2005.11.24"]
[SourceQuality "1"]

1. e4 g6 2. d4 c6 3. Nc3 b5 4. a3 a6 5. Be3 d6 6. Qd2 Bg7 7. f3 h5 8. g3 Nd7 9. Nh3 Nb6 10. Nf2 Qc7 11. Bd3 c5 12. dxc5 dxc5 13. Bf4 e5 14. Be3 Be6 15. 0-0 Rd8 16. Qe1 Ne7 17. Be2 0-0 18. a4 b4 19. Ncd1 a5 20. b3 Nec8 21. Nd3 Nd7 22. Qf2 c4 23. Nc5 Nxc5 24. Bxc5 Rfe8 25. Bxc4 Bxc4 26. bxc4 Re6 27. Nb2 Rc6 28. Be3 Nd6 29. c5 Nb7 30. Nd3 Bf8 31. Rad1 Nxc5 32. Nxc5 Rxd1 33. Rxd1 Bxc5 34. Bxc5 Rxc5 35. Rd2 Rc3 0-1

[Event "CZE-chT2V 0203"]
[Site "Czech Republic"]
[Date "2002.??.??"]
[Round "8"]
[White "Voboril, Pavel"]
[Black "Buril, Petr"]
[Result "1/2-1/2"]
[WhiteElo "2109"]
[BlackElo "2004"]
[PlyCount "58"]
[EventDate "2002.10.??"]
[EventType "team"]
[EventRounds "11"]
[EventCountry "CZE"]
[SourceTitle "EXT 2007"]
[Source "ChessBase"]
[SourceDate "2006.11.23"]
[SourceVersion "1"]
[SourceVersionDate "2006.11.23"]
[SourceQuality "1"]
[WhiteTeam "AVE Kontakt"]
[BlackTeam "Ricany"]
[WhiteTeamCountry "CZE"]
[BlackTeamCountry "CZE"]

1. e4 e6 2. d4 d5 3. Nc3 dxe4 4. Nxe4 Nd7 5. g3 Ngf6 6. Nxf6+ Nxf6 7. Bg2 c5 8. Ne2 cxd4 9. Qxd4 Qxd4 10. Nxd4 Bd6 11. Nb5 Be5 12. f4 Bb8 13. Be3 a6 14. Na3 Ba7 15. Bxa7 Rxa7 16. Nc4 b5 17. Nd6+ Ke7 18. 0-0-0 Rd8 19. Nxc8+ Rxc8 20. Rd2 Rd8 21. Rxd8 Kxd8 22. Rd1+ Rd7 23. Bf3 b4 24. Rxd7+ Kxd7 25. Kd2 Kd6 26. c3 a5 27. cxb4 axb4 28. Kc2 Kc5 29. Kb3 Nd7 1/2-1/2

[Event "CZE-chTV 0001"]
[Site "Czech Republic"]
[Date "2001.??.??"]
[Round "3"]
[White "Voboril, Pavel"]
[Black "Hajek, Jan"]
[Result "1-0"]
[WhiteElo "2210"]
[BlackElo "2245"]
[PlyCount "81"]
[EventDate "2000.??.??"]
[EventType "team"]
[EventRounds "11"]
[EventCountry "CZE"]
[SourceTitle "EXT 2003"]
[Source "ChessBase"]
[SourceDate "2002.11.25"]
[SourceVersion "1"]
[SourceVersionDate "2002.11.25"]
[SourceQuality "1"]

1. e4 e6 2. d4 d5 3. Nc3 Bb4 4. e5 c5 5. a3 Bxc3+ 6. bxc3 Ne7 7. a4 Bd7 8. Nf3 Qa5 9. Qd2 c4 10. g3 h6 11. Bh3 Bxa4 12. 0-0 b5 13. Ba3 Nbc6 14. Nh4 Kd7 15. f4 g6 16. Ng2 Qb6 17. Rfb1 Qd8 18. Ne3 Nf5 19. Ng4 Nce7 20. Nf6+ Kc6 21. Bc5 Ng8 22. Nxg8 Rxg8 23. Qc1 Qc7 24. Rxa4 bxa4 25. Qa3 Qa5 26. Rb4 Rgb8 27. Rxa4 Rb1+ 28. Kf2 Qb5 29. Bxf5 gxf5 30. Bxa7 Rd8 31. Ra6+ Kd7 32. Rb6 Qxb6 33. Bxb6 Rxb6 34. Qa7+ Kc6 35. Qxf7 Kb5 36. g4 fxg4 37. f5 exf5 38. e6 Rbb8 39. e7 Re8 40. Qxd5+ Kb6 41. Qc5+ 1-0

[Event "CZE-chTV 0102"]
[Site "Czech Republic"]
[Date "2001.??.??"]
[Round "5"]
[White "Voboril, Pavel"]
[Black "Kaderka, Radek"]
[Result "1-0"]
[WhiteElo "2145"]
[BlackElo "2166"]
[PlyCount "73"]
[EventDate "2001.??.??"]
[EventType "team"]
[EventRounds "11"]
[EventCountry "CZE"]
[SourceTitle "EXT 2003"]
[Source "ChessBase"]
[SourceDate "2002.11.25"]
[SourceVersion "1"]
[SourceVersionDate "2002.11.25"]
[SourceQuality "1"]
[WhiteTeam "Infinity C"]
[BlackTeam "Infinity B"]
[WhiteTeamCountry "CZE"]
[BlackTeamCountry "CZE"]

1. e4 d6 2. d4 Nf6 3. Nc3 g6 4. Bg5 Bg7 5. e5 Ng8 6. exd6 cxd6 7. Nf3 h6 8. Be3 Nf6 9. h3 Bf5 10. Qd2 Nc6 11. g4 Ne4 12. Qc1 Nxc3 13. gxf5 Ne4 14. fxg6 fxg6 15. Bd3 d5 16. c3 Qd6 17. Qc2 Rf8 18. Bxe4 dxe4 19. Nd2 e5 20. Qxe4 0-0-0 21. Nc4 Qe6 22. dxe5 Bxe5 23. Qg4 Rf5 24. Rg1 b5 25. Nd2 Bh2 26. Rh1 Ne5 27. Qg2 Nd3+ 28. Kd1 Bb8 29. Kc2 Qa6 30. Rhg1 Rd6 31. Qe4 Re5 32. Qg4+ Kc7 33. Nb3 b4 34. Bd4 Rg5 35. Qe2 Rxd4 36. Nxd4 b3+ 37. axb3 1-0

[Event "CZE-chTV 0001"]
[Site "Czech Republic"]
[Date "2000.??.??"]
[Round "5"]
[White "Voboril, Pavel"]
[Black "Rosecky, Jan"]
[Result "0-1"]
[WhiteElo "2210"]
[BlackElo "1910"]
[PlyCount "62"]
[EventDate "2000.??.??"]
[EventType "team"]
[EventRounds "11"]
[EventCountry "CZE"]
[SourceTitle "EXT 2003"]
[Source "ChessBase"]
[SourceDate "2002.11.25"]
[SourceVersion "1"]
[SourceVersionDate "2002.11.25"]
[SourceQuality "1"]

1. e4 e6 2. d4 d5 3. Nc3 dxe4 4. Nxe4 Nf6 5. Nxf6+ Qxf6 6. Nf3 h6 7. Bc4 Bd6 8. 0-0 0-0 9. Re1 Nd7 10. Qe2 Nb6 11. Bb3 c5 12. dxc5 Bxc5 13. c3 Bd7 14. a4 Bc6 15. Ne5 Rac8 16. Nxc6 Rxc6 17. a5 Nd5 18. Ba4 Rcc8 19. g3 Rfd8 20. Bd2 Qf5 21. Rad1 Nf6 22. b4 Be7 23. Be3 Rxd1 24. Rxd1 Rxc3 25. Bxa7 Bxb4 26. Rd8+ Kh7 27. Bd4 Rc1+ 28. Kg2 Bxa5 29. Bxf6 Bxd8 30. Bb2 Qd5+ 31. f3 Rc8 0-1

[Event "Hradec Kralove op"]
[Site "Hradec Kralove"]
[Date "1997.??.??"]
[Round "5"]
[White "Voboril, Pavel"]
[Black "Kopta, Pavel"]
[Result "0-1"]
[WhiteElo "2215"]
[BlackElo "2170"]
[PlyCount "52"]
[EventDate "1997.??.??"]
[EventType "swiss"]
[EventRounds "9"]
[EventCountry "CZE"]
[SourceTitle "EXT 1998"]
[Source "ChessBase"]
[SourceDate "1997.11.17"]
[SourceVersion "1"]
[SourceVersionDate "1997.11.17"]
[SourceQuality "1"]

1. e4 c5 2. Nf3 Nc6 3. Nc3 g6 4. d4 cxd4 5. Nxd4 Bg7 6. Be3 Nf6 7. Nxc6 bxc6 8. e5 Ng8 9. f4 f6 10. f5 Qa5 11. exf6 Nxf6 12. fxg6 Qe5 13. Qd4 Ng4 14. Qxe5 Bxe5 15. Bd2 hxg6 16. Bd3 Kf7 17. h3 Kg7 18. Ke2 Nf6 19. Rae1 Bg3 20. Rb1 d5 21. Kf3 Bd6 22. Ne2 e5 23. Rhf1 Rf8 24. Kg3 e4+ 25. Kh4 Rh8+ 26. Kg5 Rh5# 0-1

[Event "CZE-chT2 9798"]
[Site "Czech Republic"]
[Date "1997.??.??"]
[Round "4.6"]
[White "Voboril, Pavel"]
[Black "Vanka, Miloslav"]
[Result "0-1"]
[WhiteElo "2215"]
[BlackElo "2270"]
[PlyCount "62"]
[EventDate "1997.??.??"]
[EventType "team"]
[EventRounds "11"]
[EventCountry "CZE"]
[SourceTitle "EXT 1999"]
[Source "ChessBase"]
[SourceDate "1998.11.16"]
[SourceVersion "1"]
[SourceVersionDate "1998.11.16"]
[SourceQuality "1"]

1. e4 c5 2. Nf3 Nc6 3. Bb5 g6 4. c3 Bg7 5. 0-0 e5 6. Re1 Nge7 7. Na3 0-0 8. Nc2 a6 9. Bf1 d5 10. d3 h6 11. h3 Be6 12. c4 d4 13. Bd2 b5 14. b3 Nc8 15. Rc1 Nd6 16. Na3 b4 17. Nb1 a5 18. g3 a4 19. Bg2 axb3 20. axb3 Ra1 21. Rf1 Qd7 22. Kh2 Rfa8 23. Ng1 R8a2 24. Be1 Qa7 25. f4 Ne7 26. fxe5 Bxe5 27. Nf3 Nc6 28. Nxe5 Nxe5 29. Rf2 Rxf2 30. Bxf2 Qa2 31. Kg1 Qb2 0-1